000 00278nam a22001337a 4500
008 171227b xxu||||| |||| 00| 0 eng d
020 _a0064301222
041 _aeng
080 _a72
100 _a41
101 _aARK
245 _aAMERICA BUILDS
_cROTH,L.,
942 _2udc
_cBK
999 _c39501
_d39501